| 000 | 01086na a2200313 4500 | ||
|---|---|---|---|
| 999 |
_c8508 _d8508 |
||
| 001 | 21371 | ||
| 003 | MIRAKIL | ||
| 005 | 20210212141010.0 | ||
| 008 | 170204b tu 000 0 | ||
| 035 | _a16843 | ||
| 040 |
_aMilas _btur _cTR-AnCHP |
||
| 041 | _atur | ||
| 082 |
_aCHP 353.21 _bC3699b [t.y.] |
||
| 090 | _aBROŞÜR 301 | ||
| 110 | _aCumhuriyet Halk Partisi (CHP) | ||
| 245 |
_aBelediye gelirlerinin etkin kullanımı _cCHP Yerel Yönetimler Genel Başkan Yardımcılığı |
||
| 260 |
_aAnkara _bCHP Yerel Yönetimler _c[t.y.] |
||
| 300 |
_a44 s. _brnk. res. _c20 sm. |
||
| 440 | _aCHP Yerel Yönetimler yayınları | ||
| 610 |
_aCumhuriyet Halk Partisi (CHP) _bYerel Yönetimler _xGelirler |
||
| 650 |
_aBelediye gelirleri _zTürkiye |
||
| 650 |
_aYerel maliye _zTürkiye |
||
| 650 |
_aYerel yönetimler _xMali politikalar _yHukuk ve mevzuat _zTürkiye |
||
| 830 | _aCHP yayınları | ||
| 942 |
_2ddc _cBKS |
||
| 999 | _d8508 | ||